Wood - Taylor Swift Lyrics - Statistics

General Stats
  • This quiz has been taken 16 times
  • The average score is 220 of 303
Answer Stats
Answer % Correct
I
100%
me
100%
was
100%
a
91%
and
91%
he
91%
love
91%
the
91%
to
91%
it
82%
key
82%
loves
82%
my
82%
not
82%
on
82%
see
82%
wood
82%
you
82%
your
82%
ain't
73%
all
73%
any
73%
baby
73%
bare
73%
Daisy's
73%
eyes
73%
got
73%
hard
73%
in
73%
is
73%
knock
73%
little
73%
naked
73%
star
73%
that
73%
we
73%
wishing
73%
ah
64%
be
64%
black
64%
by
64%
cat
64%
cocky
64%
did
64%
don't
64%
falling
64%
forgive
64%
good
64%
gotta
64%
his
64%
I'll
64%
it's
64%
I've
64%
know
64%
magic
64%
make
64%
never
64%
of
64%
opened
64%
redwood
64%
rock
64%
sounds
64%
thighs
64%
tree
64%
wand
64%
way
64%
been
55%
bitchin'
55%
bouquet
55%
catch
55%
crack
55%
dancing
55%
dark
55%
distraught
55%
forever
55%
him
55%
laughed
55%
matized
55%
need
55%
our
55%
own
55%
penny's
55%
stepped
55%
superstitious
55%
then
55%
took
55%
admit
45%
girl
45%
hand
45%
luck
45%
manhood
45%
mine
45%
new
45%
over
45%
seems
45%
understood
45%
back
36%
curse
36%
put
36%
unlucky
36%
broken
27%
crossed
27%
heights
27%
until
27%
bad
18%
fingers
18%
mm
18%
sign
18%
supersitious
0%
No matching quizzes found
Score Distribution
Percent of People with Each Score
Percentile by Number Answered
Your Score History
You have not taken this quiz